[Event "Tokyo-ch"]
[Site "Tokyo"]
[Date "2021.03.20"]
[Round "3"]
[White "Maeshima, Hiroaki"]
[Black "Shiomi, Ryo"]
[Result "0-1"]
[WhiteElo "1843"]
[BlackElo "2041"]
[PlyCount "96"]
[EventDate "2021.03.20"]
[EventType "swiss"]
[EventRounds "6"]
[EventCountry "JPN"]
[SourceTitle "EXT 2022"]
[Source "ChessBase"]
[SourceDate "2021.10.06"]
[SourceVersion "1"]
[SourceVersionDate "2021.10.06"]
[SourceQuality "1"]

1. c4 e6 2. g3 d5 3. Nf3 c5 4. Bg2 Nf6 5. d4 Nc6 6. cxd5 exd5 7. Nc3 Be7 8. 0-0 0-0 9. dxc5 Bxc5 10. Bg5 d4 11. Bxf6 Qxf6 12. Nd5 Qd8 13. Nd2 Re8 14. Rc1 Bf8 15. Nb3 Bf5 16. Nxd4 Nxd4 17. Qxd4 Rxe2 18. Qf4 Bg6 19. Rfd1 Qa5 20. Nc7 Rb8 21. Ne6 Re8 22. Nxf8 Rxf8 23. Qg4 Rxb2 24. Rc8 Bf5 25. Rxf8+ Kxf8 26. Qf4 g6 27. Rf1 Qxa2 28. Re1 Rb1 29. Qd6+ Kg7 30. Qe5+ f6 31. Qc7+ Qf7 32. Qxf7+ Kxf7 33. Rxb1 Bxb1 34. Bxb7 Ke6 35. Ba6 Kd5 36. Kf1 Kd4 37. Ke1 Bd3 38. Bc8 a5 39. Bd7 Kc3 40. Kd1 Bc2+ 41. Kc1 a4 42. f4 a3 43. Be6 Bb3 44. Bxb3 Kxb3 45. Kb1 f5 46. Ka1 Kc3 47. Ka2 Kd3 48. Kxa3 Ke3 0-1